Technické požiadavky na výrobky, posudzovanie a preukazovanie zhody

Gespeichert in:
Bibliographische Detailangaben
1. Verfasser: Steinlová, Kvetoslava (Verfasst von)
Format: Schriftenreihe
Sprache:Slowakisch
Veröffentlicht: Bratislava : Verlag Dashöfer, 2005
Schlagworte:
Tags: Tag hinzufügen
Keine Tags, Fügen Sie das erste Tag hinzu!

MARC

LEADER 00000nas a22000003a 4500
001 stu93607
005 20150617225615.1
008 050418s2005----xo------------------slo-d
040 |a STU  |b slo 
041 0 |a slo 
044 |a xo 
080 |a 658.56 
100 1 |a Steinlová, Kvetoslava  |4 aut 
245 1 |a Technické požiadavky na výrobky, posudzovanie a preukazovanie zhody 
260 |a Bratislava :  |b Verlag Dashöfer,  |c 2005 
650 7 |a kvalita  |2 stusub 
773 0 |t Technické požiadavky na výrobky, posudzovanie a preukazovanie zhody  |w stu_us_cat*stu97494  |x 1336-2445  |7 nnas 
996 |b 284M051451  |c M*11220/2-1  |d 2005, číslo 2, 2005  |v 2005  |i číslo 2  |y 2005  |l MMKN  |s A  |a 24  |w stu93607_0001